000 00708nam a2200289Ia 4500
005 20260324125637.0
008 008 260324s9999 xx 000 0 eng d
020 _a9781315254531
037 _aEBOOK
040 _aCRL
040 _beng
040 _cCRL
041 _2eng
041 _aeng
084 _qCRL
100 _aLouise Ryan; Wendy Webster
_91178763
245 0 _aGendering Migration
245 0 _bMasculinity, Femininity and Ethnicity in Post-War Britain
260 _bTaylor and Francis
260 _c2008
365 _a
365 _b240
856 _uhttp://www.taylorfrancis.com/books/9781315254531
942 _cEBOOK
999 _c1774222
_d1774222